Доклады расширенных заседаний семинара Института прикладной математики имени И. Н. Векуа (Запись № 30501)
[ простой вид ]
| 000 -МАРКЕР | |
|---|---|
| контрольное поле | 00822nam a2200205 ca4500 |
| 001 - КОНТРОЛЬНЫЙ НОМЕР ЗАПИСИ | |
| контрольное поле | 000030501 |
| 003 - ПРИНАДЛЕЖНОСТЬ КОНТРОЛЬНОГО НОМЕРА | |
| контрольное поле | RuMoIPM |
| 005 - ДАТА И ВРЕМЯ ПОСЛЕДНЕЙ ТРАНЗАКЦИИ | |
| контрольное поле | 20260506133113.0 |
| 008 - ЭЛЕМЕНТЫ ДАННЫХ ФИКСИРОВАННОЙ ДЛИНЫ | |
| контрольное поле | 260506b ur ||||| |||| 00| 0 rus d |
| 022 ## - МЕЖДУНАРОДНЫЙ СТАНДАРТНЫЙ НОМЕР СЕРИАЛЬНОГО ИЗДАНИЯ (ISSN) | |
| международный стандартный номер сериального издания | 1512-0058 |
| 040 ## - ОРГАНИЗАЦИЯ-СОЗДАТЕЛЬ ЗАПИСИ | |
| организация-создатель исходной библиографической записи | RuMoIPM |
| язык каталогизации | rus |
| правила каталогизации | rcr |
| 041 ## - КОД ЯЗЫКА | |
| код языка текста | Русский |
| код языка резюме, аннотации или подзаголовков | rus |
| -- | geo |
| -- | eng |
| 044 ## - КОД СТРАНЫ ПУБЛИКАЦИИ/ИЗГОТОВЛЕНИЯ | |
| MARC код страны публикации/изготовления | Российская Федерация |
| 110 2# - НАИМЕНОВАНИЕ КОЛЛЕКТИВА/ПОСТОЯННОЙ ОРГАНИЗАЦИИ КАК ОСНОВНОЙ ПОИСКОВЫЙ ПРИЗНАК | |
| наименование коллектива или юрисдикции как начальный элемент ввода | Тбилисский государственный университет |
| 245 10 - ОБЛАСТЬ ЗАГЛАВИЯ И СВЕДЕНИЙ ОБ ОТВЕТСТВЕННОСТИ | |
| заглавие | Доклады расширенных заседаний семинара Института прикладной математики имени И. Н. Векуа |
| 260 ## - ОБЛАСТЬ ВЫХОДНЫХ ДАННЫХ | |
| место публикации, распространения, изготовления и т. д | Тбилиси |
| издательство, издатель, распространитель и т. д | Изд-во ТГУ |
| 500 ## - ПРИМЕЧАНИЕ ОБЩЕГО ХАРАКТЕРА | |
| текст примечания | Рез. рус., груз., англ. |
| 711 2# - НАИМЕНОВАНИЕ МЕРОПРИЯТИЯ/ВРЕМЕННОГО КОЛЛЕКТИВА/ОРГАНИЗАЦИИ КАК ДОБАВОЧНЫЙ ПОИСКОВЫЙ ПРИЗНАК | |
| наименование мероприятия как начальный элемент ввода | Семинар института прикладной математики им. И. Н. Векуа |
| место проведения мероприятия | Тбилиси |
| 942 ## - ДАННЫЕ О ЗАПИСИ (KOHA) | |
| Тип экземпляра (KOHA) | Продолжающееся издание |
Нет доступных экземпляров.